000 00404nam a2200157Ia 4500
008 230917s9999||||xx |||||||||||||| ||und||
040 _e205506
_aMAIN
041 _aEnglish
082 _a658.3 N68F(3)
100 _aNoe, Raymond A
245 0 _aFundamentals of human resource management
250 _a3rd ed.
260 _aNew Delhi
_bTata McGraw-Hill
_c2012
300 _axiii, 527 p.
942 _cBK
999 _c165470
_d165470